Statistical abstract / (Record no. 23645)

MARC details
000 -LEADER
fixed length control field 00736nam a2200229Ia 4500
008 - FIXED-LENGTH DATA ELEMENTS--GENERAL INFORMATION
fixed length control field 210303s9999 xx 000 0 und d
016 ## - NATIONAL BIBLIOGRAPHIC AGENCY CONTROL NUMBER
Source reto2022b
020 ## - INTERNATIONAL STANDARD BOOK NUMBER
ISBN 3540076360
040 ## - CATALOGING SOURCE
Original cataloging agency NLN
Language of cataloging English
Description conventions AACR2
100 ## - MAIN ENTRY--AUTHOR
Author MCGEE, T.G
Relator term aut
110 ## - MAIN ENTRY--CORPORATE NAME
Corporate name or jurisdiction name as entry element Ogun State. Ministry of Finance and Economic development. Statistics Division
245 #0 - TITLE STATEMENT
Title Statistical abstract /
Remainder of title T.G. Mcgee
260 ## - PUBLICATION, DISTRIBUTION, ETC. (IMPRINT)
Place of publication Abeokuta :
Name of publisher Statistics Division, Ministry of Finance and Economic Development ,
Date of publication 1976.
300 ## - COLLATION
Pagination IV ,179p.
Other physical details ; 23cm.
500 ## - GENERAL NOTE
General note Includes bibliographical references
563 ## - BINDING INFORMATION
Binding note (pbk)
650 ## - TRACINGS
Main Subject Statistical
942 ## - ADDED ENTRY ELEMENTS (KOHA)
Item type Books
Suppress in OPAC No
050 ## - LIBRARY OF CONGRESS CALL NUMBER
Classification number HA39.N685
Item number M478
082 ## - DEWEY DECIMAL CLASSIFICATION NUMBER
Classification number 300.727
Holdings
Source of classification or shelving scheme Not for loan Home library Current library Date acquired Full call number Barcode. Koha item type
Library of Congress Classification   LAGOS BRANCH National Library of Nigeria 04/03/2021 HA39.N685 M478 2024-555555550999909 Books

National Library of Nigeria OPAC is powered by Koha